Statistics for Anne of Green Gables knowlege quiz

Click here to take the quiz!

General Stats

  • This quiz has been taken 89 times
    (85 since last reset)
  • The average score is 6 of 10

Answer Stats

HintAnswer% Correct
What did Gilbert call Anne?Carrots
96%
Who was Anne's bosom friend?Diana
95%
Anne said that whose name
would never cross her lips?
Gilbert
92%
What did Anne want to be called?Cordelia
85%
Who adopted Anne?Matthew and
Marilla Cuthbert
79%
What is the name of Anne's favorite school
teacher?
Miss Stacy
73%
What did Gilbert call Diana's hair color?Raven
51%
What did Anne call 'the Avenue?'White Way of Delight
26%
Who did the Cuthberts send to pick an
orphan for them?
Mrs Spencer
15%
What did Anne think of Sunday school?She didn't like it a bit,
and thought it was horrible
8%

Score Distribution

Percentile by Number Answered

Percent of People with Each Score

Your Score History

You have not taken this quiz since the last reset